| 000 | 00600nam a22002057a 4500 | ||
|---|---|---|---|
| 003 | OSt | ||
| 005 | 20140310182012.0 | ||
| 008 | 130730t xxu||||| |||| 00| 0 eng d | ||
| 050 |
_aPZ 7 _b.J65 1994 |
||
| 082 |
_aKF _bJ59uc 1994 |
||
| 100 |
_aJohansson, Alice Nicole _94714 |
||
| 245 |
_aMaria's movie comeback / _cAlice Nicole Johansson , created by Francine Pascal. |
||
| 260 |
_aNew York : _bBantam Books, _c1994. |
||
| 300 |
_a135 p. ; _c20 cm. |
||
| 541 | _j1 | ||
| 562 | _e1 | ||
| 650 |
_aSchool clubs _xFiction _96134 |
||
| 700 |
_aJohansson, Alice Nicole _94714 |
||
| 942 |
_2lcc _cBK-KF _kKF |
||
| 999 |
_c8164 _d8164 |
||